00430pab a2200145 454500008004000000100002300040245009300063260000900156300001500165362000800180650002200188700001700210700002000227773003700247180718b2013 xxu||||| |||| 00| 0 eng d aYue, Lori Qingyuan aInformation spillovers from protests against corporations : A tale of Walmart and Target c2013 ap.669-701. aDec aProtest movements aIngram, Paul aRao, Hayagreeva aAdministrative Science Quarterly